| 000 | 01103nmm a2200397 a 4500 | ||
|---|---|---|---|
| 003 | AR-BaBNM | ||
| 005 | 20251128203839.0 | ||
| 008 | 157119s1981 ||||||||||||||000 | spa|| | ||
| 040 | _cAR-BaBNM | ||
| 245 | 1 | 0 | _aLegislación del trabajo y de la seguridad social |
| 260 |
_aBuenos Aires _bZavalía _c1981 |
||
| 300 | 0 | _a1574 p. | |
| 500 | 0 | _aIndice p. 1555-1568 | |
| 500 | 1 | _aIndice de disposiciones legales, reglamentarias y convencionales | |
| 650 | 4 | _aDERECHO LABORAL | |
| 650 | 4 | _aLEGISLACION | |
| 650 | 4 | _aTRABAJO | |
| 650 | 4 | _aCONTRATOS DE TRABAJO | |
| 650 | 4 | _aMENORES | |
| 650 | 4 | _aMUJERES | |
| 650 | 4 | _aMEDICINA DEL TRABAJO | |
| 650 | 4 | _aHIGIENE DEL TRABAJO | |
| 650 | 4 | _aSINDICATOS | |
| 650 | 4 | _aCONVENIOS COLECTIVOS | |
| 650 | 4 | _aCONFLICTO LABORAL | |
| 650 | 4 | _aPOLICIA | |
| 650 | 4 | _aSEGURIDAD SOCIAL | |
| 650 | 4 | _aACCIDENTES DE TRABAJO | |
| 650 | 4 | _aSALARIOS | |
| 650 | 4 | _aSEGURO DE VIDA | |
| 650 | 4 | _aLEGISLACION ARGENTINA | |
| 700 | 1 |
_aAbad Pérez, Antolin _ecompilador |
|
| 700 | 1 |
_aSilvano, Francisco P. _ecompilador |
|
| 942 | _cBK | ||
| 998 | _cAndrea | ||
| 999 |
_c5162 _d5162 |
||